Computing and information skills fundamentals 1 / (Record no. 164065)

MARC details
000 -LEADER
fixed length control field 00880nam a2200265 a 4500
008 - FIXED-LENGTH DATA ELEMENTS--GENERAL INFORMATION
fixed length control field
049 ## - LOCAL HOLDINGS (OCLC)
Holding library MAIN
090 ## - LOCALLY ASSIGNED LC-TYPE CALL NUMBER (OCLC); LOCAL CALL NUMBER (RLIN)
Classification number (OCLC) (R) ; Classification number, CALL (RLIN) (NR) QA76
Local cutter number (OCLC) ; Book number/undivided call number, CALL (RLIN) COM
003 - CONTROL NUMBER IDENTIFIER
control field
005 - DATE AND TIME OF LATEST TRANSACTION
control field 20230123134330.0
040 ## - CATALOGING SOURCE
Transcribing agency NUST
245 10 - TITLE STATEMENT
Title Computing and information skills fundamentals 1 /
Statement of responsibility, etc. edited by S.O. Ojo.. [et al.]
260 ## - PUBLICATION, DISTRIBUTION, ETC.
Place of publication, distribution, etc. Garberone :
Name of publisher, distributor, etc. Department of Computer Science, University of Botswana,
Date of publication, distribution, etc. 2003.
300 ## - PHYSICAL DESCRIPTION
Extent xi, 177 p. ;
Dimensions 22 cm.
490 ## - SERIES STATEMENT
Series statement University of Botswana Lecture Notes Series.
504 ## - BIBLIOGRAPHY, ETC. NOTE
Bibliography, etc. note Includes bibliographical references.
500 ## - GENERAL NOTE
General note Includes index.
650 #1 - SUBJECT ADDED ENTRY--TOPICAL TERM
Topical term or geographic name entry element Computing skills.
650 ## - SUBJECT ADDED ENTRY--TOPICAL TERM
Topical term or geographic name entry element Information literacy skills.
700 ## - ADDED ENTRY--PERSONAL NAME
Personal name Mogotlhwane, T.
700 ## - ADDED ENTRY--PERSONAL NAME
Personal name Ojo, S.O.
700 ## - ADDED ENTRY--PERSONAL NAME
Personal name Dept. of Computer Science:
Numeration University of Botswana.
907 ## - LOCAL DATA ELEMENT G, LDG (RLIN)
a .b10225122
b 24-09-15
c 19-01-07
942 ## - ADDED ENTRY ELEMENTS (KOHA)
Koha item type Ordinary Loan Books
Call number prefix QA76
Call number suffix COM
Holdings
Date last seen Total Checkouts Full call number Barcode Cost, replacement price Price effective from Koha item type Lost status Source of classification or shelving scheme Damaged status Not for loan Collection Withdrawn status Home library Current library Shelving location Date acquired Cost, normal purchase price
01/23/2023 21 QA76 COM 92004001302 80.00 01/23/2023 BOOKS   LCC     NFIC   MAIN MAIN GEN 01/23/2023 80.00